<?xml version="1.0" encoding="UTF-8"?>
<collection xmlns="http://www.loc.gov/MARC21/slim">
 <record>
  <leader>03553pam a22002658a 4500</leader>
  <controlfield tag="001">00025552</controlfield>
  <controlfield tag="005">20200730150716.0</controlfield>
  <controlfield tag="008">110806s2011                  ||||||viesd</controlfield>
  <datafield tag="020" ind1="#" ind2="#">
   <subfield code="a">978 604 58 0154 3</subfield>
   <subfield code="c">50000</subfield>
  </datafield>
  <datafield tag="041" ind1="0" ind2="#">
   <subfield code="a">vie</subfield>
  </datafield>
  <datafield tag="082" ind1="1" ind2="4">
   <subfield code="a">210</subfield>
   <subfield code="b">M458S</subfield>
  </datafield>
  <datafield tag="100" ind1="1" ind2="#">
   <subfield code="a">Trần, Quang Thái</subfield>
  </datafield>
  <datafield tag="245" ind1="1" ind2="0">
   <subfield code="a">Một số vấn đề triết học tôn giáo</subfield>
   <subfield code="c">Trần Quang Thái b.s.</subfield>
  </datafield>
  <datafield tag="260" ind1="#" ind2="#">
   <subfield code="b">Nxb. Tp. Hồ Chí Minh</subfield>
   <subfield code="c">2011</subfield>
   <subfield code="a">Tp. Hồ Chí Minh</subfield>
  </datafield>
  <datafield tag="300" ind1="#" ind2="#">
   <subfield code="a">199 tr.</subfield>
   <subfield code="b">hình vẽ</subfield>
   <subfield code="c">21 cm.</subfield>
  </datafield>
  <datafield tag="490" ind1="#" ind2="#">
   <subfield code="a">Tủ sách nghiên cứu</subfield>
  </datafield>
  <datafield tag="504" ind1="#" ind2="#">
   <subfield code="a">Thư mục: tr. 195-199</subfield>
  </datafield>
  <datafield tag="520" ind1="3" ind2="#">
   <subfield code="a">Các vấn đề của triết học tôn giáo: Thượng đế và niềm tin vào thượng đế. Cái ác, mặc khải và niềm tin. Ngôn ngữ, kiểm chứng và tranh luận tôn giáo. Số phận con người</subfield>
  </datafield>
  <datafield tag="650" ind1="#" ind2="4">
   <subfield code="a">Triết học</subfield>
   <subfield code="x">Nghiên cứu</subfield>
  </datafield>
  <datafield tag="650" ind1="#" ind2="4">
   <subfield code="a">Tôn giáo</subfield>
   <subfield code="x">Nghiên cứu</subfield>
  </datafield>
  <datafield tag="852" ind1="#" ind2="#">
   <subfield code="b">Kho mượn</subfield>
   <subfield code="j">KM.0012501, KM.0012502, KM.0012503, KM.0012504, KM.0012505, KM.0012506, KM.0012507, KM.0012508, KM.0012509, KM.0012510, KM.0012511, KM.0012512, KM.0012513, KM.0012514, KM.0012515, KM.0012516, KM.0012517, KM.0012518, KM.0012519, KM.0012520, KM.0012521, KM.0012522, KM.0012523, KM.0012524, KM.0012525, KM.0012526, KM.0012527, KM.0012528, KM.0012529, KM.0012530, KM.0012531, KM.0012532, KM.0012533, KM.0012534, KM.0012535, KM.0012536, KM.0012537, KM.0012538, KM.0012539, KM.0012540, KM.0012541, KM.0012542, KM.0012543, KM.0012544, KM.0012545, KM.0012546, KM.0012547, KM.0012548, KM.0012549, KM.0012550, KM.0012551, KM.0012552, KM.0012553, KM.0012554, KM.0012555, KM.0012556, KM.0012557, KM.0012558, KM.0012559, KM.0012560, KM.0012561, KM.0012562, KM.0012563, KM.0012564, KM.0012565, KM.0012566, KM.0012567, KM.0012568, KM.0012569, KM.0012570, KM.0012571, KM.0012572, KM.0012573, KM.0012574,  KM.0012576, KM.0012577, KM.0012578, KM.0012579, KM.0012580, KM.0012581, KM.0012582, KM.0012583, KM.0012584, KM.0012585, KM.0012586, KM.0012587, KM.0012588, KM.0012589, KM.0012590, KM.0012591, KM.0012592, KM.0012593, KM.0012594, KM.0012595, KM.0012596, KM.0012597, KM.0012598, KM.0012599, KM.0012600</subfield>
  </datafield>
  <datafield tag="852" ind1="#" ind2="#">
   <subfield code="b">Kho đọc</subfield>
   <subfield code="j">KD.0010458</subfield>
  </datafield>
  <datafield tag="852" ind1="#" ind2="#">
   <subfield code="j">KD.0010458</subfield>
   <subfield code="j">KM.0012510</subfield>
   <subfield code="j">KM.0012511</subfield>
   <subfield code="j">KM.0012512</subfield>
   <subfield code="j">KM.0012514</subfield>
   <subfield code="j">KM.0012515</subfield>
   <subfield code="j">KM.0012517</subfield>
   <subfield code="j">KM.0012518</subfield>
   <subfield code="j">KM.0012520</subfield>
   <subfield code="j">KM.0012521</subfield>
   <subfield code="j">KM.0012523</subfield>
   <subfield code="j">KM.0012524</subfield>
   <subfield code="j">KM.0012526</subfield>
   <subfield code="j">KM.0012535</subfield>
   <subfield code="j">KM.0012536</subfield>
   <subfield code="j">KM.0012538</subfield>
   <subfield code="j">KM.0012539</subfield>
   <subfield code="j">KM.0012541</subfield>
   <subfield code="j">KM.0012542</subfield>
   <subfield code="j">KM.0012544</subfield>
   <subfield code="j">KM.0012545</subfield>
   <subfield code="j">KM.0012547</subfield>
   <subfield code="j">KM.0012548</subfield>
   <subfield code="j">KM.0012550</subfield>
   <subfield code="j">KM.0012551</subfield>
   <subfield code="j">KM.0012501</subfield>
   <subfield code="j">KM.0012503</subfield>
   <subfield code="j">KM.0012504</subfield>
   <subfield code="j">KM.0012506</subfield>
   <subfield code="j">KM.0012508</subfield>
   <subfield code="j">KM.0012509</subfield>
   <subfield code="j">KM.0012527</subfield>
   <subfield code="j">KM.0012528</subfield>
   <subfield code="j">KM.0012529</subfield>
   <subfield code="j">KM.0012530</subfield>
   <subfield code="j">KM.0012532</subfield>
   <subfield code="j">KM.0012533</subfield>
   <subfield code="j">KM.0012553</subfield>
   <subfield code="j">KM.0012555</subfield>
   <subfield code="j">KM.0012556</subfield>
   <subfield code="j">KM.0012557</subfield>
   <subfield code="j">KM.0012559</subfield>
   <subfield code="j">KM.0012560</subfield>
   <subfield code="j">KM.0012562</subfield>
   <subfield code="j">KM.0012563</subfield>
   <subfield code="j">KM.0012565</subfield>
   <subfield code="j">KM.0012566</subfield>
   <subfield code="j">KM.0012568</subfield>
   <subfield code="j">KM.0012569</subfield>
   <subfield code="j">KM.0012571</subfield>
   <subfield code="j">KM.0012572</subfield>
   <subfield code="j">KM.0012574</subfield>
   <subfield code="j">KM.0012577</subfield>
   <subfield code="j">KM.0012578</subfield>
   <subfield code="j">KM.0012580</subfield>
   <subfield code="j">KM.0012581</subfield>
   <subfield code="j">KM.0012583</subfield>
   <subfield code="j">KM.0012584</subfield>
   <subfield code="j">KM.0012586</subfield>
   <subfield code="j">KM.0012587</subfield>
   <subfield code="j">KM.0012589</subfield>
   <subfield code="j">KM.0012590</subfield>
   <subfield code="j">KM.0012592</subfield>
   <subfield code="j">KM.0012593</subfield>
   <subfield code="j">KM.0012595</subfield>
   <subfield code="j">KM.0012597</subfield>
   <subfield code="j">KM.0012598</subfield>
   <subfield code="j">KM.0012600</subfield>
   <subfield code="j">KM.0012502</subfield>
   <subfield code="j">KM.0012505</subfield>
   <subfield code="j">KM.0012507</subfield>
   <subfield code="j">KM.0012513</subfield>
   <subfield code="j">KM.0012516</subfield>
   <subfield code="j">KM.0012519</subfield>
   <subfield code="j">KM.0012522</subfield>
   <subfield code="j">KM.0012525</subfield>
   <subfield code="j">KM.0012531</subfield>
   <subfield code="j">KM.0012534</subfield>
   <subfield code="j">KM.0012537</subfield>
   <subfield code="j">KM.0012540</subfield>
   <subfield code="j">KM.0012543</subfield>
   <subfield code="j">KM.0012546</subfield>
   <subfield code="j">KM.0012549</subfield>
   <subfield code="j">KM.0012552</subfield>
   <subfield code="j">KM.0012554</subfield>
   <subfield code="j">KM.0012558</subfield>
   <subfield code="j">KM.0012561</subfield>
   <subfield code="j">KM.0012564</subfield>
   <subfield code="j">KM.0012567</subfield>
   <subfield code="j">KM.0012570</subfield>
   <subfield code="j">KM.0012573</subfield>
   <subfield code="j">KM.0012576</subfield>
   <subfield code="j">KM.0012579</subfield>
   <subfield code="j">KM.0012582</subfield>
   <subfield code="j">KM.0012585</subfield>
   <subfield code="j">KM.0012588</subfield>
   <subfield code="j">KM.0012591</subfield>
   <subfield code="j">KM.0012594</subfield>
   <subfield code="j">KM.0012596</subfield>
   <subfield code="j">KM.0012599</subfield>
  </datafield>
  <datafield tag="910" ind1="#" ind2="#">
   <subfield code="d">06/08/2011</subfield>
  </datafield>
  <datafield tag="980" ind1="#" ind2="#">
   <subfield code="a">Trung tâm Học liệu Lê Vũ Hùng, Trường Đại học Đồng Tháp</subfield>
  </datafield>
 </record>
</collection>
